00349nam a2200145 a 4500008004100000020001500041050001700056100001600073245002300089260002900112300001700141350000900158650001300167650002300180120416s1987 ||||||||||||||||| || u a0893912568 aHD 108.6 Tur aTurner, Tom10aLandscape planning aLondonbHutchinsonc1987 a213p. : ill. a0.00 aPLANNING aLANDSCAPE PLANNING